POLLUTION and fish health in tropical ecosystems

Guardat en:
Dades bibliogràfiques
Format: Llibre
Idioma:anglès
Publicat: CRC Press 2014
Etiquetes: Afegir etiqueta
Sense etiquetes, Sigues el primer a etiquetar aquest registre!

MARC

LEADER 00000nam a22000007a 4500
008 201217b ||||| |||| 00| 0 eng d
020 |a : 978-1-4822-1287-7 
245 |a POLLUTION and fish health in tropical ecosystems  |c AlvEduares de Almeida, Ciro Alberto de Oliveira Ribeiro 
250 |c AlvEduares de Almeida, Ciro Alberto de Oliveira Ribeiro 
260 |b CRC Press  |c 2014  |d Books  |h London  |i 689861  |l QH541.5.W3P76   |m Water – Pollution – Environmental aspects – Brazil.   |m  Marine ecosystem health – Brazil  |m Fishes – Effect of water pollution on – Tropics   |m Aquatic ecology – Brazil.   |m . Aquatic ecology – Tropics  |m Ecosystem health Brazil.  |m Marine ecosystem health – Tropics.   |m Ecosystem health – Tropics. 
942 |a lcc  |c BK  |e Adekanye I.H  |f 17/12/2020 
952 |0 0  |1 0  |2 lcc  |4 0  |6 QH05415 W3 P76  |7 0  |9 684  |a HOL  |b HOL  |c QZ  |d 2020-12-17  |l 0  |o QH541.5.W3P76  |p 2020-23000  |r 2020-12-17 00:00:00  |w 2020-12-17  |y BK 
999 |c 379  |d 379